Humanities: Fine Art (Moderately Hard) - Statistics

General Stats
  • This quiz has been taken 44 times
    28 since last reset
  • The average score is 19 of 51
Answer Stats
Hint Answer % Correct
Guernica, Les Demoiselles d’Avignon Pablo Picasso
100%
The Starry Night, Self Portrait Vincent Van Gogh
100%
The Scream, Anxiety Edvard Munch
74%
Liberty Leading The People, The Death of Sardanapalus, The Barque of Dante Eugene Delacroix
74%
Impression Sunrise, The Water Lily Pond Claude Monet
70%
Olympia, A Bar at the Folies-Bergère Edouard Manet
70%
Diego and I, The Two Fridas Frida Kahlo
70%
The Kiss, Portrait of Adele Bloch-Bauer I Gustav Klimt
70%
The Triumph of Galatea, School of Athens Raphael
70%
The Third of May 1808, Saturn Devouring His Son Francisco Goya
61%
Las Meninas, Portrait of Innocent X Diego Velazquez
57%
_____'s Mother, At The Piano James Whistler
57%
Luncheon of the Boating Party, The Large Bathers Pierre-Auguste Renoir
57%
The Ballet Class, In a Cafe Edgar Degas
52%
Medusa, Narcissus, Bacchus Caravaggio
48%
Portrait of Henry VIII, The Ambassadors Hans Holbein
48%
The Garden of Earthly Delights, The Last Judgment Hieronymus Bosch
48%
Arnolfini Portrait, Ghent Altarpiece Jan Van Eyck
48%
The Fighting Temeraire, Rain Steam and Speed JMW Turner
48%
Thirty-six Views of Mount Fuji - The Great Wave Off Kanagawa Katsushika Hokusai
48%
Whaam!, M-Maybe Roy Lichtenstein
48%
_____'s Rhinoceros, Self-Portrait at the Age of Twenty Eight Albrecht Durer
39%
Orange and Yellow, Orange Red and Yellow Mark Rothko
39%
At the Moulin Rouge, At Montrouge Henri de Toulouse-Lautrec
35%
Composition with Red Blue and Yellow, Gray Tree Piet Mondrian
35%
Dedham Vale, The Hay Wain John Constable
30%
The Boating Party, Little Girl in a Blue Armchair Mary Cassatt
30%
The Sleeping Gypsy, The Dream Henri Rousseau
26%
Portrait of Madame X, Gassed John Singer Sargent
26%
Where Do We Come From? What Are We? Where Are We Going? Paul Gauguin
26%
Venus of Urbino, Painting of Pieta Titian
26%
The Laughing Cavalier Frans Hals
22%
Houses at Estaque, Man with a Guitar Georges Braque
22%
Ophelia, Mariana John Everett Millais
22%
Fountain, L.H.O.O.Q Marcel Duchamp
22%
The Boulevard Montmartre at Night, The Boulevard Montmartre on a Winter Morning Camille Pissarro
17%
Wanderer above the Sea of Fog Caspar Friedrich
17%
Lady Lilith, Proserpine Dante Gabriel Rossetti
17%
The Gleaners, The Man with the Hoe Jean-Francois Millet
17%
Madonna with the Long Neck, Self Portrait in a Convex Mirror, Portrait of a Man Parmigianino
17%
The Fifty-three Stations of the Tōkaidō, One Hundred Famous Views of Edo Utagawa Hiroshige
17%
Woman-Ochre, Interchange Willem de Kooning
17%
Snap the Whip, The Fox Hunt Winslow Homer
17%
The Flood at Port-Marly, Bridge at Villeneuve-la-Garenne Alfred Sisley
13%
The Harvesters, The Peasant Wedding Pieter Bruegel
13%
The Raft of The Medusa Théodore Géricault
13%
McSorley's Bar, Sunday Women Drying Their Hair John Sloan
9%
Whisk rice and grasshoppers, Fly on a platter Qi Baishi
9%
Sugaring Off, The Burning of Troy in 1862 Grandma Moses
4%
Silkworm, Bird Ju Chao
4%
Takiyasha the Witch and the Skeleton Spectre Utagawa Kuniyoshi
4%
No matching quizzes found
Score Distribution
Percent of People with Each Score
Percentile by Number Answered
Your Score History
You have not taken this quiz since the last reset